| 000 | 00000nas 2200000zi 4500 |
| 001 | 9.956493 |
| 003 | CaOODSP |
| 005 | 20251021085725 |
| 006 | m o d f |
| 007 | cr ||||||||||| |
| 008 | 251020c20109999onc x m # f0 a0eng|d |
| 040 | |aCaOODSP|beng|erda|cCaOODSP |
| 043 | |an-cn--- |
| 086 | 1 |aD4-15E-PDF |
| 245 | 00|aCFLI monograph. |
| 246 | 3 |aCanadian Forces Leadership Institute monograph |
| 246 | 3 |iSome issues have title : |aCanadian Forces Leadership Institute monograph series |
| 264 | 1|aKingston, Ontario : |bCanadian Forces Leadership Institute, Canadian Defence Academy, Department of National Defence, |c2010- |
| 310 | |aIrregular |
| 336 | |atext|btxt|2rdacontent |
| 337 | |acomputer|bc|2rdamedia |
| 338 | |aonline resource|bcr|2rdacarrier |
| 362 | 1 |aBegan with monograph 2010-01? |
| 588 | |aDescription based on: monograph 2010-01. |
| 588 | |aLatest issue consulted: monograph 2012-02. |
| 650 | 0|aLeadership. |
| 650 | 6|aLeadership. |
| 710 | 1 |aCanada. |bDepartment of National Defence, |eissuing body. |
| 710 | 2 |aCanadian Defence Academy, |eissuing body. |
| 710 | 2 |aCanadian Forces Leadership Institute, |eissuing body. |